Normal view
MARC view
- Berens, Julius
Entry Personal Name
001 - CONTROL NUMBER
- control field: 106123
003 - CONTROL NUMBER IDENTIFIER
- control field: NUST
005 - DATE AND TIME OF LATEST TRANSACTION
- control field: 20221227184207.0
008 - FIXED-LENGTH DATA ELEMENTS
- fixed length control field: 221227|| aca||aabn | a|a d
040 ## - CATALOGING SOURCE
- Original cataloging agency: NUST
- Transcribing agency: NUST
100 ## - HEADING--PERSONAL NAME
- Personal name: Berens, Julius
670 ## - SOURCE DATA FOUND
- Source citation: Work cat.: (NUST)183513: Berens, Julius, Getting started in amateur radio /, 1957
